| 000 | 00428nam a2200169Ia 4500 | ||
|---|---|---|---|
| 008 | 131103s9999 xx 000 0 und d | ||
| 040 | _aLoreto College | ||
| 041 | _aEnglish | ||
| 082 |
_aF/LAM _bLCLIB/25150 |
||
| 100 | _aL'Amour,Louis | ||
| 245 |
_aBordon Chantry _cLouis L'Amour |
||
| 260 |
_aNew York _bBantam Books _c1977 |
||
| 300 |
_a170 p. _c 18 cm. |
||
| 650 | _aFiction in English | ||
| 850 | _aLCLIB | ||
| 942 | _cBK | ||
| 999 |
_c14741 _d65220 |
||